000 00761nam a2200229 a 4500
001 000031681
003 DO-SdBNP
005 20240226144121.0
007 ta
008 110630q1926 dr 000 | spa d
040 _aDO-SdBNP
_bspa
_cBNPHU
082 4 _a394.268
_bP422a
_222
100 1 _aPepín, Ercilia,
_d1886-1939
_96456
245 1 0 _aÁrboles y madres /
_cErcilia Pepín.
260 _aSantiago de los Caballeros, República Dominicana :
_bLa Información,
_c1926.
300 _a10 p. ;
_c23 cm.
500 _aObsequio de la autora a las alumnas del Colegio Superior de Señoritas de Santiago.
500 _aEjemplar autográfiado por la autora
590 _aInventariado, 2019/VM
910 _aValidado. Control de calidad MFF
942 _2ddc
_cLF2
999 _c31173
_d31173